书目信息 |
| 题名: |
建材家居就该这样卖
|
|
| 作者: | 陆丰 著 | |
| 分册: | ||
| 出版信息: | 北京 机械工业出版社 2012 |
|
| 页数: | 16,186页 | |
| 开本: | 25cm | |
| 丛书名: | 推销员实战情景模拟丛书 | |
| 单 册: | ||
| 中图分类: | F765 | |
| 科图分类: | ||
| 主题词: | 建筑材料--市场营销学 , 建筑材料 , 市场营销学 | |
| 电子资源: | ||
| ISBN: | 978-7-111-37190-8 | |
| 000 | 01036nam0 22003011 450 | |
| 001 | 524 | |
| 005 | 20140909101320.51 | |
| 010 | @a978-7-111-37190-8@dCNY38.00 | |
| 100 | @a20120413d2012 em y0chiy50 ea | |
| 101 | 0 | @achi |
| 102 | @aCN@b110000 | |
| 105 | @aa z 000yy | |
| 106 | @ar | |
| 200 | 1 | @a建材家居就该这样卖@AJian Cai Jia Ju Jiu Gai Zhe Yang Mai@e升级版@ESheng Ji Ban@f陆丰著@FLu Feng Zhu |
| 205 | @a2版 | |
| 210 | @a北京@c机械工业出版社@d2012 | |
| 215 | @a16,186页@c照片@d25cm | |
| 225 | 2 | @a推销员实战情景模拟丛书 |
| 300 | @a帝略商学精英导购四部曲 | |
| 330 | @a本书共十章,内容包括:如何树立良好的销售心态,如何处理销售接待过程中的问题,如何激发顾客的购买兴趣,如何将产品介绍得让人心动、行动,如何处理顾客的价格异议,如何处理顾客的折扣与优惠要求等。 | |
| 461 | 0 | @12001 @a推销员实战情景模拟丛书 |
| 606 | 0 | @a建筑材料@x市场营销学 |
| 606 | 0 | @a建筑材料 |
| 606 | 0 | @a市场营销学 |
| 690 | @aF765@v5 | |
| 701 | 0 | @a陆丰@ALu Feng@4著 |
| 801 | 0 | @aCN@bTANGWEI@c20140603 |
| 905 | @b0836358-60@dF765@e36=2@f3 | |
| 建材家居就该这样卖:升级版/陆丰著.-2版.-北京:机械工业出版社,2012 |
| 16,186页:照片;25cm.-(推销员实战情景模拟丛书) |
| 帝略商学精英导购四部曲 |
| ISBN 978-7-111-37190-8:CNY38.00 |
| 本书共十章,内容包括:如何树立良好的销售心态,如何处理销售接待过程中的问题,如何激发顾客的购买兴趣,如何将产品介绍得让人心动、行动,如何处理顾客的价格异议,如何处理顾客的折扣与优惠要求等。 |
| ● |
| 相关链接 |
|
|
|
|
正题名:建材家居就该这样卖
索取号:F765/36=2
 
预约/预借
| 序号 | 登录号 | 条形码 | 馆藏地/架位号 | 状态 | 备注 |
| 1 | 0836358 | 208363581 | 第一样本阅览室/ [索取号:F765/36=2] | 在馆 | |
| 2 | 0836359 | 208363590 | 第一借阅区/ [索取号:F765/36=2] | 在馆 | |
| 3 | 0836360 | 208363607 | 密集书库-海洋学院/ [索取号:F765/36=2] | 在馆 |